| Поле | Инд. | ПП | Название | Значение |
|---|---|---|---|---|
| Тип записи | a | |||
| Библиографический уровень | b | |||
| 001 | Контрольный номер | 80dd711296ee4aa8a2346be44ff21ace | ||
| 005 | Дата корректировки | 20221118135344.2 | ||
| 024 | 80 | a | Стандартный номер | 10.1002/pssb.202100646 |
| 040 | a | Служба первич. каталог. | РИНЦ | |
| b | Код языка каталог. | rus | ||
| 041 | 0_ | a | Код языка текста | eng |
| 097 | a | Садовникова Л.В. | ||
| 100 | 1_ | a | Автор | Gimazov I. |
| 100 | 1_ | a | Автор | Lyadov N. |
| 100 | 1_ | a | Автор | Talanov Y. |
| 100 | 1_ | a | Автор | Chareev D. |
| c | Титул (звания) | доцент (ученое звание); кандидат химических наук; профессор (должность) | ||
| i | 000091010 | |||
| g | Прочие сведения | РИНЦ AuthorID: 135561 (http://elibrary.ru/author_profile.asp?id= 135561); SPIN-код: 6270-1872 (http://elibrary.ru/author_items.asp?authorid=135561); Scopus Author ID: 15051531400v (https://www.scopus.com/authid/detail.uri?authorId=15051531400); ORCID ID: http://orcid.org/0000-0002-9380-2680 | ||
| k | Кафедра химии, новых технологий и материалов; Факультет естественных и инженерных наук | |||
| q | Полное имя | Чареев Дмитрий Александрович | ||
| u | Дополнение | Чареев Д. А.; Chareev D. A. | ||
| 245 | 10 | a | Заглавие | Temporal spinodal decomposition of the fe1+yte1−xsex crystals and its impact on superconducting properties |
| 773 | 18 | t | Название источника | Physica Status Solidi (B): Basic Solid State Physics |
| b | Сведения об издании | John Wiley & Sons, Inc. | ||
| c | Germany | |||
| d | Место и дата издания | 2022 | ||
| m | Специф. данные | входит в Scopus; входит в WoS; входит в ядро РИНЦ; зарубежный журнал; ненулевой импакт-фактор | ||
| n | Примечание | Physica Status Solidi B-Basic Solid State Physics | ||
| p | Phys. Status Solidi A-Appl. Mat. | |||
| q | Q2 Scopus 2021 | |||
| o | Прочие индексы | scopus 0.51 | ||
| x | ISSN | 0370-1972 | ||
| w | Контрольный № источника | 15b2e5b9513a4d29816d2fa7ec1f7218 | ||
| 856 | 40 | u | URL | https://elibrary.ru/item.asp?id=48719950 |
| 901 | t | Тип документа | b | |
| 952 | c | Вид литературы | статья в журнале |